000 01745nam a2200289Ia 4500
001 G9278
003 IT-RoPAU
008 130308s9999 xx 000 0 und d
040 _aIT-RoPAU
040 _cIT-RoPAU
041 _aFRANCESE
100 _aWalter Henriette
100 _gCodice Aut. SPICS: 546
245 _aAventure des langues en occident (L')
245 _bAventure des Langues En Occident (L')
250 _a2a ed.
260 _aPARIS
260 _bLaffont Robert
260 _c2001 [1° Ed.:1994 - Ed.Ling.Originale:1994]
300 _a"596 p. (prefazione: no ; testo: 596 [pagine: 0-0])"
500 _a"Avventura delle Lingue in Occidente: Loro Origine, Storia e Geografia. Prefazione di Andre' Martinet. paesaggio Linguistico; Grandi linee di Divisione e Filo Conduttore. Origini Lontane: Il Ceppo Comune Indoeuropeo, Dai Segni Sulle Pietre, Megaliti, scoperte Archeologiche, ripartizione delle Lingueattuali, Lingue senza Territorio: Tzigane. Lingua Greca: Dall'Alfabeto Greco al Latino, Attualità della Lingua Greca, Dialetti della Grecia Arcaica,Lingua Greca nel Mondo. Lingue Celtiche: Irlandese, Gaelico di Scozia, Cornico della Cornovaglia, dell'Isola di Man, Gallese e Bretone. Lingue Nate dal Latino: Italiano, Spagnolo, portoghese e Francese. Lingue Germaniche: Lingue Germaniche del Nord: Scandinave, Danese, Germaniche Occidentali, Tedesco, Lussemburghese, Olandese. Lingua inglese in gran Bretagna e nelle Varieparti del Mondo, nelle Sue Varianti. Note Bibliografiche. Cronologia Deglieventi storici in Rapporto con la Storia delle Lingue Europee. Lingue e Loro Dialetti."
650 _aSAGGI DI LINGUISTICA
650 _eCodice materia Spics: 3207
942 _cBK
957 _71
999 _c87888
_d87888
999 _g1